[Event "Odoev-ch"]
[Site "Odoev"]
[Date "2018.06.01"]
[Round "5"]
[White "Asgarov, Vugar Rovshan"]
[Black "Kurilin, Alexander"]
[Result "1-0"]
[WhiteElo "1841"]
[BlackElo "2222"]
[PlyCount "53"]
[EventDate "2018.05.28"]
[EventType "swiss"]
[EventRounds "9"]
[EventCountry "RUS"]
[SourceTitle "EXT 2019"]
[Source "ChessBase"]
[SourceDate "2018.10.10"]
[SourceVersion "1"]
[SourceVersionDate "2018.10.10"]
[SourceQuality "1"]

1. e4 e5 2. Nf3 Nc6 3. Bb5 f5 4. Nc3 fxe4 5. Nxe4 d5 6. Nxe5 dxe4 7. Nxc6 Qg5 8. Qe2 Nf6 9. f4 Qxf4 10. d4 Qh4+ 11. g3 Qh3 12. Ne5+ c6 13. Bc4 Bg4 14. Nxg4 Qxg4 15. Qxg4 Nxg4 16. 0-0 b5 17. Be6 Nf6 18. Bg5 Be7 19. Rae1 Rd8 20. c3 Rd6 21. Bf5 b4 22. Bxe4 Kf7 23. Bg2 a5 24. Bf4 Rdd8 25. Bxc6 bxc3 26. bxc3 Rc8 27. d5 1-0